AS Roma Squad 2020-2021 - Statistics

General Stats
  • This quiz has been taken 96 times
    79 since last reset
  • The average score is 22 of 30
Answer Stats
# Position Nation Player % Correct
9 FW Bosnia and Herzegovina Edin Džeko
98%
6 DF England Chris Smalling
91%
4 MF Italy Bryan Cristante
87%
23 DF Italy Gianluca Mancini
87%
7 MF Italy Lorenzo Pellegrini
87%
13 GK Spain Pau López
85%
2 DF Netherlands Rick Karsdorp
85%
77 MF Armenia Henrikh Mkhitaryan
83%
24 DF Albania Marash Kumbulla
81%
3 DF Brazil Roger Ibáñez
81%
42 MF Guinea Amadou Diawara
80%
33 DF Brazil Bruno Peres
80%
17 MF France Jordan Veretout
78%
83 GK Italy Antonio Mirante
76%
21 FW Spain Borja Mayoral
76%
11 FW Spain Pedro Rodríguez
76%
31 FW Spain Carles Pérez
74%
22 MF Italy Nicolò Zaniolo
74%
92 FW Italy Stephan El Shaarawy
74%
5 DF Brazil Juan Jesus
72%
37 DF Italy Leonardo Spinazzola
72%
20 DF Argentina Federico Fazio
70%
87 GK Brazil Daniel Fuzato
69%
- Coach Portugal Paulo Fonseca
69%
27 MF Argentina Javier Pastore
63%
19 DF United States Bryan Reynolds
59%
14 MF Spain Gonzalo Villar
59%
61 DF Italy Riccardo Calafiori
43%
18 DF Italy Davide Santon
41%
12 GK Italy Simone Farelli
13%
No matching quizzes found
Score Distribution
Percent of People with Each Score
Percentile by Number Answered
Your Score History
You have not taken this quiz since the last reset